| 000 | 00920 a2200445 4500 | ||
|---|---|---|---|
| 000 | BKB | ||
| 001 | 070026 | ||
| 005 | 20200902150750.0 | ||
| 008 | |||
| 010 | _a | ||
| 020 | _a | ||
| 082 |
_a510.2462 _bK88A |
||
| 100 | 1 | _aKreyszing, Herbert | |
| 110 | _a | ||
| 245 | 1 |
_aAdvanced engineering mathematics _cby Herbert Kreyszing and Erwin Kreyszing |
|
| 250 | _a8th ed. | ||
| 260 |
_aIndia _bWiley _c2007 |
||
| 300 | _a230p. | ||
| 490 |
_a _v |
||
| 500 | _a | ||
| 600 | _a | ||
| 610 | _a | ||
| 611 | _a | ||
| 630 | _a | ||
| 650 | _a | ||
| 651 | _a | ||
| 654 | _a | ||
| 690 | _aEngineering mathematics; Mathematical physics | ||
| 700 |
_aKreyszing, Erwin _b _c |
||
| 710 |
_a _b _c |
||
| 711 | _a | ||
| 720 | _a | ||
| 730 | _a | ||
| 740 | _a | ||
| 752 | _a | ||
| 856 |
_a _d _f |
||
| 904 | _a | ||
| 964 |
_a _b _c _d _e _f _g |
||
| 965 | _a | ||
| 999 |
_c3551 _d3551 |
||